00873nam a22001935i 4500001000700000003000900007005001700016008004100033040003000074100003300104245016900137260005100306300002100357505008400378650003000462700002000492700003300512852013400545161561ES-MaACL20230906212319.0000823m18941978gw |||| | ger d aCCPB | B bspa cCCPB | B1 aPauly, August Friedrich van.10aPaulys Real-Encyclopädie der classischen Altertumswissenschaft b: neue Bearbeitung unter Mitwirkung Zahlreicher Fachgenossen / cherausgegeben von Georg Wissowa. aStuttgart : bJ. B. Metzlerscher, c1894-1978. a56 v. ; c25 cm.8 aContiene: [Primera parte] (28 v.) -- Zweite Reihe (13 v.) -- Supplement (15 v.) 4aCivilización clásica.0 aWissowa, Georg.1 aKroll, Wilhelm (d1869-1939) aES-MaACLjD-8968-9002 z-- Enc. hol. y rust. q-- Contiene t.I-XXVI de la 1ª serie, t.I-V de la 2ª serie y t.I-IV de suplemento